Administración y gestión de las comunicaciones de la dirección (Registro nro. 9316)

Detalles MARC
000 -Cabecera
Campo de control de longitud fija 02082nam a22006497a 4500
005 - Fecha y hora de la última transacción
Campo de control 20251007143049.0
008 - Elementos de longitud fija--Información general
Campo de control de longitud fija 170424b xxu||||| |||| 00| 0 spa d
020 ## - International Standard Book Number
Número Internacional Estándar del Libro (ISBN) 9788416067824
041 ## - Idioma
Código de idioma Español
082 ## - Clasificación Decimal Dewey
Número de clasificación 658.45 SO714a
100 ## - Entrada principal--Autor personal
Nombre personal Solórzano González, María José
9 (RLIN) 42325
245 ## - Título propiamente dicho
Título Administración y gestión de las comunicaciones de la dirección
260 ## - Pie de imprenta
Lugar de publicación, distribución, etc. España
260 ## - Pie de imprenta
Nombre del editor, distribuidor, etc. IC Editorial
260 ## - Pie de imprenta
Fecha de publicación, distribución, etc. 2013
300 ## - Descripción física
Extensión 334 páginas
490 ## - Serie
Título de la Serie Dirección y Administración de Empresas
650 ## - Materia general
Temática (materia general) COMUNICACIÓN CÓMO TÉCNICA GERENCIAL
650 ## - Materia general
Temática (materia general) LA EMPRESA Y SU ORGANIZACIÓN
650 ## - Materia general
Temática (materia general) ORGANIZACIÓN EMPRESARIAL
650 ## - Materia general
Temática (materia general) COMUNICACIÓN DE LAS ORGANIZACIONES
650 ## - Materia general
Temática (materia general) PROCESO DE LA COMUNICACIÓN
650 ## - Materia general
Temática (materia general) ELEMENTOS DEL PROCESO DE LA COMUNICACIÓN
650 ## - Materia general
Temática (materia general) TIPOS DE COMUNICACIÓN
650 ## - Materia general
Temática (materia general) COMUNICACIÓN ORAL
650 ## - Materia general
Temática (materia general) COMUNICACIÓN ESCRITA
650 ## - Materia general
Temática (materia general) COMUNICACIÓN NO VERBAL
650 ## - Materia general
Temática (materia general) COMUNICACIÓN ELECTRÓNICA
650 ## - Materia general
Temática (materia general) COMUNICACIÓN AUDIOVISUAL
650 ## - Materia general
Temática (materia general) COMUNICACIÓN FORMAL
650 ## - Materia general
Temática (materia general) COMUNICACIÓN INFORMAL
650 ## - Materia general
Temática (materia general) COMUNICACIÓN INTERNA
650 ## - Materia general
Temática (materia general) COMUNICACIÓN EXTERNA
650 ## - Materia general
Temática (materia general) LA COMUNICACIÓN EN LA EMPRESA Y SU IMPORTANCIA
650 ## - Materia general
Temática (materia general) COMUNICACIONES PRESENCIALES
650 ## - Materia general
Temática (materia general) PROTOCOLO SOCIAL
650 ## - Materia general
Temática (materia general) COMUNICACIÓN NO PRESENCIAL
650 ## - Materia general
Temática (materia general) FORMAS DE COMUNICACIÓN ORAL EN LA EMPRESA
650 ## - Materia general
Temática (materia general) CONVERSACIONES
650 ## - Materia general
Temática (materia general) REUNIONES
650 ## - Materia general
Temática (materia general) TERTULIAS
650 ## - Materia general
Temática (materia general) DEBATES
650 ## - Materia general
Temática (materia general) MESAS REDONDAS
650 ## - Materia general
Temática (materia general) CONVERSACIONES TELEFÓNICAS
650 ## - Materia general
Temática (materia general) ENTREVISTAS
650 ## - Materia general
Temática (materia general) DISCURSOS
650 ## - Materia general
Temática (materia general) EXPOSICIONES
650 ## - Materia general
Temática (materia general) PRECISIÓN Y CLARIDAD EN EL LENGUAJE
650 ## - Materia general
Temática (materia general) ELEMENTOS DE LA COMUNICACIÓN ORAL
650 ## - Materia general
Temática (materia general) PROTOCOLO SOCIAL
650 ## - Materia general
Temática (materia general) COMUNICACIONES NO PRESENCIALES
650 ## - Materia general
Temática (materia general) CORREO ELECTRÓNICO
650 ## - Materia general
Temática (materia general) COMUNICACIÓN TELEFÓNICA
650 ## - Materia general
Temática (materia general) VIDEOCONFERENCIAS
650 ## - Materia general
Temática (materia general) TRATAMIENTO DE CONFLICTOS
942 ## - Punto de acceso adicional KOHA
Tipo de ítem KOHA Libro
Fuente del sistema de clasificación o colocación Dewey Decimal Classification
Existencias
Signatura completa Código de barras Programa Académico Tipo de ítem
658.45 SO714a 21977 Dirección y Administración de Empresas Libro